<?xml version="1.0" encoding="UTF-8"?>
<record
    xmlns:xsi="http://www.w3.org/2001/XMLSchema-instance"
    xsi:schemaLocation="http://www.loc.gov/MARC21/slim http://www.loc.gov/standards/marcxml/schema/MARC21slim.xsd"
    xmlns="http://www.loc.gov/MARC21/slim">

  <leader>00399nam a2200157Ia 4500</leader>
  <controlfield tag="005">20241206165424.0</controlfield>
  <controlfield tag="008">231221s9999    xx            000 0 und d</controlfield>
  <datafield tag="020" ind1=" " ind2=" ">
    <subfield code="a">9781111124915</subfield>
  </datafield>
  <datafield tag="082" ind1=" " ind2=" ">
    <subfield code="a">006.6  CHE;2  R1</subfield>
  </datafield>
  <datafield tag="100" ind1=" " ind2=" ">
    <subfield code="a">Cheng, Ron K C.</subfield>
  </datafield>
  <datafield tag="245" ind1=" " ind2="0">
    <subfield code="a">Inside Rhinoceros 5</subfield>
  </datafield>
  <datafield tag="260" ind1=" " ind2=" ">
    <subfield code="c">2014</subfield>
    <subfield code="b">Cengage Leaning</subfield>
    <subfield code="a">Australia</subfield>
  </datafield>
  <datafield tag="300" ind1=" " ind2=" ">
    <subfield code="a">vii, 648</subfield>
  </datafield>
  <datafield tag="650" ind1=" " ind2=" ">
    <subfield code="a">Inside,Rhinoceros,5</subfield>
  </datafield>
  <datafield tag="942" ind1=" " ind2=" ">
    <subfield code="c">AR</subfield>
  </datafield>
  <datafield tag="999" ind1=" " ind2=" ">
    <subfield code="c">233344</subfield>
    <subfield code="d">233344</subfield>
  </datafield>
  <datafield tag="952" ind1=" " ind2=" ">
    <subfield code="r">2024-01-26 00:00:00</subfield>
    <subfield code="l">0</subfield>
    <subfield code="o">006.6  CHE;2  R1</subfield>
    <subfield code="p">AR849</subfield>
    <subfield code="W">25</subfield>
    <subfield code="v">6141.19</subfield>
    <subfield code="w">2024-01-26</subfield>
    <subfield code="y">AR</subfield>
    <subfield code="1">0</subfield>
    <subfield code="2">ddc</subfield>
    <subfield code="4">0</subfield>
    <subfield code="7">0</subfield>
    <subfield code="8">ARCH</subfield>
    <subfield code="0">0</subfield>
    <subfield code="K">BANG/2017/CRB/165</subfield>
    <subfield code="a">FOA</subfield>
    <subfield code="b">FOA</subfield>
    <subfield code="c">ARCH</subfield>
    <subfield code="d">2017-07-01</subfield>
    <subfield code="e">Intact Book House Pvt Ltd</subfield>
    <subfield code="g">122.95</subfield>
    <subfield code="E">ARCH</subfield>
    <subfield code="G">USD</subfield>
    <subfield code="F">66.6</subfield>
    <subfield code="V">30.74</subfield>
    <subfield code="U">Rupees</subfield>
  </datafield>
</record>
